000 00340nam a2200133Ia 4500
008 150201s2009 xx 000 0 und d
082 _a616
_bN09C
100 _aCOLLER,JUDITH
245 _aOXFORD HAND BOOK OF CLINICAL SPECIALITIES
250 _a8TH
260 _bOXFORD
_aNEW YORK
_c2009
650 _aMEDICINE AND DIAGNOSIS
942 _2ddc
_cBK
999 _c803
_d803